Национальное музыкальное искусство и театр: история, этапы взаимодействия, современное состояние (Запись № 13682134)

Подробности
000 -МАРКЕР
контрольное поле 03263nam0a2200373 4500
001 - ИДЕНТИФИКАТОР ЗАПИСИ
контрольное поле RU\NLR\BIBL_A\022604283
005 - ИДЕНТИФИКАТОР ВЕРСИИ
контрольное поле 20260420052250.0
010 ## - МЕЖДУНАРОДНЫЙ СТАНДАРТНЫЙ НОМЕР КНИГИ (ISBN)
Номер (ISBN) 978-5-7677-3916-5
Тираж 100
021 ## - НОМЕР ГОСУДАРСТВЕННОЙ РЕГИСТРАЦИИ
Код страны Российская Федерация
Номер КН-П-25-038169
Номер Листа государственной регистраци КН-П-25-3734
035 ## - ДРУГИЕ СИСТЕМНЫЕ НОМЕРА
Идентификатор записи (NLR Aleph) 022604283
100 ## - ДАННЫЕ ОБЩЕЙ ОБРАБОТКИ
Данные общей обработки 20250819d2025 k y0rusy50 ca
101 0# - ЯЗЫК РЕСУРСА
Язык текста, звукозаписи и т.д. русский
102 ## - СТРАНА ПУБЛИКАЦИИ ИЛИ ПРОИЗВОДСТВА
Страна публикации Российская Федерация
105 ## - ПОЛЕ КОДИРОВАННЫХ ДАННЫХ: ТЕКСТОВЫЕ МАТЕРИАЛЫ, МОНОГРАФИЧЕСКИЕ
Кодированные данные о монографическом текстовом документе ah z 100yy
181 #0 - ПОЛЕ КОДИРОВАННЫХ ДАННЫХ: ВИД СОДЕРЖАНИЯ
Код вида содержания (ISBD) i3
Код характеристики содержания (ISBD) axxe
182 #0 - ПОЛЕ КОДИРОВАННЫХ ДАННЫХ: ТИП СРЕДСТВА
Код типа средства (ISBD) n - непосредственное
200 1# - ЗАГЛАВИЕ И СВЕДЕНИЯ ОБ ОТВЕТСТВЕННОСТИ
Основное заглавие Национальное музыкальное искусство и театр: история, этапы взаимодействия, современное состояние
Сведения, относящиеся к заглавию сборник материалов всероссийской научно-теоретической конференции с международным участием (г. Чебоксары, 15 октября 2024 г.)
Первые сведения об ответственности Министерство науки и высшего образования Российской Федерации, Федеральное государственное бюджетное образовательное учреждение высшего образования "Чувашский государственный университет имени И. Н. Ульянова"
Последующие сведения об ответственности редакционная коллегия: И. В. Данилова, канд. искусствоведения, доцент, заслуженный деятель искусств Чувашской Республики, Н. И. Иванова, канд. пед. наук, доцент, заслуженный работник культуры Чувашской Республики
203 ## - ВИД СОДЕРЖАНИЯ И ТИП СРЕДСТВА
Вид содержания Текст
Дополнительные сведения об издании визуальный
Тип средства непосредственный
210 ## - ПУБЛИКАЦИЯ, РАСПРОСТРАНЕНИЕ И ДР.
Место издания, распространения и т.д. Чебоксары
Имя издателя, распространителя и т. д. Чувашский госуниверситет им. И. Н. Ульянова
Дата издания, распространения и т.д. 2025
215 ## - ФИЗИЧЕСКАЯ ХАРАКТЕРИСТИКА
Специфическое обозначение материала и объем 79 с.
Другие сведения о физической характеристике табл., факс.
Размеры 20
320 ## - ПРИМЕЧАНИЯ О НАЛИЧИИ В ДОКУМЕНТЕ БИБЛИОГРАФИИ / УКАЗАТЕЛЯ
Текст примечания Библиогр. в конце ст.
606 1# - НАИМЕНОВАНИЕ ТЕМЫ КАК ПРЕДМЕТ
Наименование темы Национальное и интернациональное
Формальный подзаголовок Съезды, совещания и т.п
Тематический подзаголовок в музыке
Системный номер авторитетной/нормативной записи 1187535
Идентификатор авторитетной/нормативной записи RU\NLR\AUTH\66478781
606 1# - НАИМЕНОВАНИЕ ТЕМЫ КАК ПРЕДМЕТ
Наименование темы Национальное и интернациональное
Формальный подзаголовок Съезды, совещания и т.п
Тематический подзаголовок в театре
Системный номер авторитетной/нормативной записи 2371899
Идентификатор авторитетной/нормативной записи RU\NLR\AUTH\6601637300
686 1# - ИНДЕКСЫ ДРУГИХ КЛАССИФИКАЦИЙ
Индекс Щ310.28я431
686 1# - ИНДЕКСЫ ДРУГИХ КЛАССИФИКАЦИЙ
Индекс Щ330,0 я431
702 #1 - ИМЯ ЛИЦА - ВТОРИЧНАЯ ОТВЕТСТВЕННОСТЬ
Код отношения Редактор
Начальный элемент ввода Данилова
Часть имени, кроме начального элемента ввода И. В.
Дополнения к именам, кроме дат канд. искусствоведения
Даты 1958-
Расширение инициалов личного имени Ирина Витальевна
Системный номер авторитетной/нормативной записи 2684602
Идентификатор авторитетной/нормативной записи RU\NLR\AUTH\770286226
711 12 - НАИМЕНОВАНИЕ ОРГАНИЗАЦИИ - АЛЬТЕРНАТИВНАЯ ОТВЕТСТВЕННОСТЬ
Начальный элемент ввода "Национальное музыкальное искусство и театр: история, этапы взаимодействия, современное состояние", всероссийская научно-теоретическая конференция с международным участием
Место проведения временной организации Чебоксары
Дата проведения временной организации 2024
Системный номер авторитетной/нормативной записи 2674371
Идентификатор авторитетной/нормативной записи RU\NLR\AUTH\880630177
712 02 - НАИМЕНОВАНИЕ ОРГАНИЗАЦИИ - ВТОРИЧНАЯ ОТВЕТСТВЕННОСТЬ
Код отношения Издающая организация
Начальный элемент ввода Чувашский государственный университет им. И. Н. Ульянова
Идентифицирующий признак Чебоксары
Системный номер авторитетной/нормативной записи 301657
Идентификатор авторитетной/нормативной записи RU\NLR\AUTH\8814249
942 ## - ДОПОЛНИТЕЛЬНЫЕ ЭЛЕМЕНТЫ ЗАПИСИ (АБИС)
Тип экземпляра АБИС Книга
980 ## - КОЛЛЕКЦИЯ
Название коллекции Национальная библиография

Нет доступных экземпляров.